Les ressources minérales de la France métropolitaine - Statistiques

Statistiques générales
  • Ce quiz a été pris 17 fois
  • Le résultat moyen est 2 sur 9
Statistiques - réponses
METAUX Réponse % Correct
Rhône Cuivre
76%
Puy-de-Dôme Uranium
41%
LIEUX Hérault Bauxite
29%
LIEUX Tarn Houille
24%
Ariège Tungstène
18%
(2 mots) Meurthe-et-Moselle Sel gemme
12%
LIEUX Ariège Talc
12%
Manche Tourbe
12%
(2 mots) Saône-et-Loire Schistes bitumeux
0%
Aucun quiz correspondant
Distribution des résultats
% des personnes avec chaque résultat
Percentile par nombre de réponses
Votre historique - résultats
Vous n’avez pas pris ce quiz